| 000 | 01364cam a2200373 i 4500 | ||
|---|---|---|---|
| 001 | 0000544 | ||
| 003 | DO-SdBPM | ||
| 005 | 20250603071653.0 | ||
| 007 | 0000544 | ||
| 008 | 100514s1997 sp a |||| 000 f spa | ||
| 015 | _a | ||
| 017 |
_a _b |
||
| 020 | _a8489384134 | ||
| 035 | _a | ||
| 040 |
_aDO-SdBPM _bspa _cBPMSU _e |
||
| 080 | _a | ||
| 082 | 4 |
_a155.4 _bT667c 1997 _222 |
|
| 100 | 1 | _aTonucci, Francesco | |
| 240 | 1 | 3 |
_aLa cittá dei bambini _lita. |
| 245 | 1 | 3 |
_aLa ciudad de los niños : _bun modo nuevo de pensar la ciudad / _cFrancesco Tonucci ; traducción Mario Merlino . _h |
| 260 |
_aMadrid : _bFundación Germán Sánchez Ruipérez, _c1997. |
||
| 300 |
_a220 p. : _bil. ; _c23 cm. |
||
| 490 | 0 | _aEl árbol de la memoria | |
| 504 | _aBiografía p: 211-220 | ||
| 505 | 0 | _aAnálisis de un malestar -- Entonces ¿qué hacer? -- ¿Por qué justamente el niño? -- Un laboratorio: "la ciudad de los niños" --Que lo niños puedan salir solos de casa -- Una ciudad adecuada a los niños -- Repensar la ciudad -- Las fichas. | |
| 586 | _aPremio Doncel de biografía 1962 | ||
| 590 | _aInventariado, 2025/VM | ||
| 650 | 4 | _aPsicología infantil | |
| 650 | 4 | _aSeguridad infantil (Psicología) | |
| 650 | 4 | _aSociología urbana | |
| 700 | 1 |
_aMerlino, Mario _etraductor |
|
| 910 | _aVMateo V. Control de calidad. BPMSU | ||
| 942 |
_2ddc _cBK |
||
| 999 |
_c10939 _d10939 |
||